000 01163nam a2200229Ia 4500
999 _c47216
_d47216
001 14076
003 GE_BSU
005 20241108114011.0
008 181216s2006||||ge |||||||||||||| ||geo||
040 _cGE_BSU
041 _ageo
080 _a615.014+338.22 ე-78
100 _aერიაშვილი, ვ.
_923653
245 _aფარმაცევტული ბიზნესის საფუძვლები /
_cვ. ერიაშვილი, ნ. დუღაშვილი ; რედ. : ბ. ჭუმბურიძე ; თბილისის სახ. სამედიცინო უნ-ტი.
264 _aთბილისი :
_bსაზოგადოება ცოდნა,
_c2006.
300 _a241გვ. ;
_c20 სმ.
653 _aფარმაცევტული ბიზნესის საფუძვლები
700 _aდუღაშვილი, ნ.
_eავტორი
_923654
700 _aჭუმბურიძე, ბ.
_eრედაქტორი
_99749
710 _aთბილისის სახ. სამედიცინო უნ-ტი
_923655
942 _cBK
_2udc